| 000 | 00457nam a2200145Ia 4500 | ||
|---|---|---|---|
| 008 | 240126s9999 xx 000 0 und d | ||
| 041 | _aEnglish | ||
| 082 | _aPREC89-177 | ||
| 100 | _aNavali, Mruthyunjaya Dhawan, Maneesh Rajendar R B Sarada, Rajesh Kumar | ||
| 245 | 0 |
_aDigital pid controller for the speed control of DC motor _bBasavaraju K |
|
| 260 | _bGBDTCE, Davangere | ||
| 440 | _aNULL | ||
| 650 | _aDigital pid controller DC motor | ||
| 942 | _cPR | ||
| 999 |
_c255741 _d255741 |
||